Представление документа в формате RUSMARC

ПолеНазваниеЗначение
  Тип записи a
  Библиографический уровень a
001 Контрольный номер RU/CBS_Ul/BASE/506792717
005 Дата корректировки 20240209175155.5
100 Данные общей обработки __
a Данные общей обработки 20160122d2016 ||| 0rusy0189 ca
101 Язык документа 0_
a Язык текста rus
102 Страна публикации __
a Страна публикации RU
105 Кодированные данные (монография) __
a Кодированные данные (монография) y###||||000|y
200 Заглавие и сведения об ответственности 1_
a Заглавие Сахар
b Общее обозначение материала Текст
e Сведения, относящиеся к заглавию [почему не стоит заменять сахар]
f Первые сведения об ответственности З. Зоманова
300 Общие примечания __
a Общие примечания Ограничения по возрасту -16+
461 Уровень набора _0
1 2000
a Здоровье
463 Уровень физической единицы _0
1 001RU/CBS_Ul/BASE/506524292
1 2000
a № 1 - 2
v С. 92 - 95
1 210
d 2016
606 Тематические рубрики 0_
a Основная рубрика Сахар - Влияние на организм - Заменители
610 Ключевые слова 0_
a Ключевые слова сахар
a Ключевые слова сахароза
a Ключевые слова глюкоза
a Ключевые слова фруктоза
a Ключевые слова лактоза
a Ключевые слова молочный сахар
a Ключевые слова заменители сахара
a Ключевые слова искусственные подсластители
a Ключевые слова органический сахар
686 Индексы других классификаций __
a Классификационный индекс 51.230
2 Код системы ББК
700 Автор _1
a Фамилия Зоманова
b Имя (инициалы) З.
801 Источник записи _0
a Страна RU
b Организация МБУК ЦБС г. Ульяновска
c Дата составления 20160122
g Правила каталогизации RCR
801 Источник записи _1
a Страна RU
b Организация МБУК ЦБС г. Ульяновска
c Дата составления 20160122
g Правила каталогизации RCR
901 Тип документа __
t Тип документа b
w Контрольный № источника RU/CBS_Ul/BASE/506524292
910 Корректоры записи __
a Корректор записи Библиотека 5
938 Служебная информация __
a Имя БД period